La Precariedad laboral anl̀isis y propuestas de solucin̤ /

Bibliographic Details
Main Author: ℓlvarez Cuesta, Henar
Format: Book
Language:Spanish
Published: Albacete : Bomarzo, 2008
Subjects:
Online Access:Acceso restringido

MARC

LEADER 00000nam a2200000 a 4500
005 20110915114726.0
008 090310s2008 sp e 000 0 spa c
020 |a 9788496721548 
035 |a 5733 
040 |d vLex 
080 |a 331.113.92 
090 |c 2466  |d 2466 
100 1 |a ℓlvarez Cuesta, Henar 
245 1 3 |a La Precariedad laboral   |h [Recurso electrn̤ico] :  |b anl̀isis y propuestas de solucin̤ /  |c Henar ℓlvarez Cuesta 
256 |a Servicio en ln̕ea. 
260 |a Albacete :  |b Bomarzo,  |c 2008 
300 |a 262 p. ;  |c 22 cm 
504 |a Bibliografa̕ 
506 1 |a Contenido solo disponible en los productos indicados  |d vLex Global  |d vLex Global (Academic Edition, excluding Law Schools)  |d vLex Global (U.S. Academic Edition, Law Schools)  |d vLex Global (U.S. Academic Edition, excluding Law Schools)  |d vLex Global (Academic Edition, Law Schools) 
650 0 4 |a Trabajo precario  |z Espaą 
650 0 4 |a Trabajo temporal  |z Espaą 
740 0 |a vLex Libros (Servicio en ln̕ea) 
856 4 0 |u http://vlex.com/source/precariedad-laboral-analisi-propuestas-solucion-5733  |z Acceso restringido 
942 |c BOOK